Best Picture Nominee Slot Machine Quiz Stats

 Plays Quiz Updated Feb 17, 2013

Challenge
Share
Tweet
Score 0/140 Timer 06:00
0 Plays Today
Word Movie % Correct
CrouchingCrouching Tiger, Hidden Dragon
96%
HiddenCrouching Tiger, Hidden Dragon
95.9%
DragonCrouching Tiger, Hidden Dragon
95.9%
TigerCrouching Tiger, Hidden Dragon
95.9%
FiddlerFiddler On The Roof
94.9%
OnFiddler On The Roof
94.9%
RoofFiddler On The Roof
94.8%
TheFiddler On The Roof
94.8%
MockingbirdTo Kill A Mockingbird
94.4%
KillTo Kill A Mockingbird
94.4%
ATo Kill A Mockingbird
94.4%
ToTo Kill A Mockingbird
94.4%
OfGangs Of New York
93.8%
GangsGangs Of New York
93.7%
NewGangs Of New York
93.5%
YorkGangs Of New York
93.4%
TheThe Godfather Part II
92.7%
GodfatherThe Godfather Part II
92.7%
IIThe Godfather Part II
92.6%
PartThe Godfather Part II
92.6%
AA Streetcar Named Desire
92.4%
NamedA Streetcar Named Desire
92.3%
StreetcarA Streetcar Named Desire
92.3%
DesireA Streetcar Named Desire
92.3%
BeautyBeauty And The Beast
92%
BeastBeauty And The Beast
91.9%
TheBeauty And The Beast
91.8%
AndBeauty And The Beast
91.7%
TheThe Godfather Part III
90.8%
GodfatherThe Godfather Part III
90.8%
PartThe Godfather Part III
90.8%
IIIThe Godfather Part III
90.8%
AA Few Good Men
85.3%
GoodA Few Good Men
85.3%
FewA Few Good Men
85.2%
MenA Few Good Men
85.2%
CiderThe Cider House Rules
84.9%
HouseThe Cider House Rules
84.9%
OfScent Of A Woman
84.8%
TheThe Cider House Rules
84.8%
TheAll The President's Men
84.8%
AllAll The President's Men
84.7%
AScent Of A Woman
84.8%
MenAll The President's Men
84.7%
RulesThe Cider House Rules
84.7%
ScentScent Of A Woman
84.7%
President'sAll The President's Men
84.7%
Word Movie % Correct
WomanScent Of A Woman
84.5%
FromFrom Here To Eternity
83.4%
ToFrom Here To Eternity
83.4%
HereFrom Here To Eternity
83.3%
EternityFrom Here To Eternity
83.3%
BountyMutiny On The Bounty
81%
OnMutiny On The Bounty
81%
MutinyMutiny On The Bounty
80.9%
TheMutiny On The Bounty
80.9%
FromLetters From Iwo Jima
80.5%
JimaLetters From Iwo Jima
80.5%
IwoLetters From Iwo Jima
80.4%
LettersLetters From Iwo Jima
80.4%
SoundThe Sound Of Music
78.5%
MusicThe Sound Of Music
78.5%
TheThe Sound Of Music
78.4%
OfThe Sound Of Music
78.3%
InAn American In Paris
76%
AnAn American In Paris
76%
AmericanAn American In Paris
76%
ParisAn American In Paris
75.9%
FatherFather Of The Bride
75.2%
BrideFather Of The Bride
75.1%
TheFather Of The Bride
75.1%
OfFather Of The Bride
75.1%
ThereThere Will Be Blood
71.7%
BeThere Will Be Blood
71.7%
WillThere Will Be Blood
71.6%
BloodThere Will Be Blood
71.5%
AndHannah And Her Sisters
70.9%
HerHannah And Her Sisters
70.8%
HannahHannah And Her Sisters
70.8%
SistersHannah And Her Sisters
70.8%
AnatomyAnatomy Of A Murder
68.3%
AAnatomy Of A Murder
68.2%
MurderAnatomy Of A Murder
68.2%
OfAnatomy Of A Murder
68.1%
PassageA Passage To India
64.3%
AA Passage To India
64.3%
ToA Passage To India
64.3%
IndiaA Passage To India
64.3%
LineThe Thin Red Line
63.6%
TheThe Thin Red Line
63.6%
ThinThe Thin Red Line
63.4%
RedThe Thin Red Line
63.4%
WitnessWitness For The Prosecution
62.2%
ForWitness For The Prosecution
62.2%
Word Movie % Correct
ProsecutionWitness For The Prosecution
62.2%
TheWitness For The Prosecution
62.1%
PrinceThe Prince Of Tides
62%
OfThe Prince Of Tides
62%
TidesThe Prince Of Tides
61.9%
TheThe Prince Of Tides
61.9%
AndThe King And I
60.1%
TheThe King and I
60%
KingThe King And I
60%
IThe King And I
60%
NavaroneThe Guns Of Navarone
59.8%
GunsThe Guns Of Navarone
59.8%
TheThe Guns Of Navarone
59.8%
OfThe Guns Of Navarone
59.7%
TheThe Last Picture Show
54.4%
PictureThe Last Picture Show
54.3%
ShowThe Last Picture Show
54.3%
LastThe Last Picture Show
54.3%
TheUp In The Air
53.3%
InUp In The Air
53.3%
AirUp In The Air
53.3%
UpUp In The Air
53.2%
OfLilies Of The Field
45.1%
TheLilies Of The Field
45.1%
TreeThe Tree Of Life
45.1%
LiliesLilies Of The Field
45.1%
LifeThe Tree Of Life
45.1%
OfThe Tree Of Life
45%
FieldLilies Of The Field
45%
TheThe Tree Of Life
45%
InThe Lion In Winter
43.3%
LionThe Lion In Winter
43.2%
TheThe Lion In Winter
43.2%
ThePlaces In The Heart
43.1%
HeartPlaces In The Heart
43.1%
WinterThe Lion In Winter
43.1%
InPlaces In The Heart
43%
PlacesPlaces In The Heart
42.9%
ClassA Touch Of Class
36.2%
OfA Touch Of Class
36.2%
TouchA Touch Of Class
36.1%
AA Touch Of Class
36%
TheRoom At The Top
33.9%
AtRoom At The Top
33.9%
RoomRoom At The Top
33.9%
TopRoom At The Top
33.7%

You're not logged in!

Compare scores with friends on all Sporcle quizzes.
OR
Log In

You Might Also Like...

Show Comments

Extras

Top Quizzes Today


Score Distribution

Your Account Isn't Verified!

In order to create a playlist on Sporcle, you need to verify the email address you used during registration. Go to your Sporcle Settings to finish the process.

Report this User

Report this user for behavior that violates our Community Guidelines.

Details: